Sổ tay vật liệu cho người làm xây dựng Tập 1
Trình bày cấu tạo, chức năng và công dụng của kim loại; gỗ: tính chất, quy trình sản xuất, chất lượng gỗ.
Đã lưu trong:
| Tác giả chính: | |
|---|---|
| Định dạng: | Sách |
| Năm xuất bản: |
H.
Thanh niên
2006
|
| Chủ đề: | |
| Tags: |
Thêm thẻ
Không có thẻ, Hãy là người đầu tiên gắn thẻ bản ghi này!
|
| LEADER | 01138nam a2200193 4500 | ||
|---|---|---|---|
| 999 | |c 1717 |d 1717 | ||
| 082 | |a 691 |b QU106H | ||
| 100 | |a Quang Hùng | ||
| 245 | |a Sổ tay vật liệu cho người làm xây dựng |c Quang Hùng, Hoàng Phương,Trần Vũ Khanh; Tống Phước Hằng cộng tác |n Tập 1 | ||
| 260 | |a H. |b Thanh niên |c 2006 | ||
| 300 | |a 460tr. |c 21cm | ||
| 520 | |a Trình bày cấu tạo, chức năng và công dụng của kim loại; gỗ: tính chất, quy trình sản xuất, chất lượng gỗ. | ||
| 653 | |a Kỹ thuật | ||
| 653 | |a Vật liệu xây dựng | ||
| 653 | |a Sổ tay | ||
| 942 | |2 ddc |c STK0 | ||
| 952 | |0 0 |1 0 |2 ddc |4 0 |6 691_000000000000000_QU106H |7 0 |8 600 |9 28407 |a qbu |b qbu |c D3 |d 2014-12-10 |g 51000 |o 691 QU106H |p 5623.c1 |w 2014-12-10 |y STK0 |0 0 |6 691_000000000000000_QU106H | ||
| 952 | |0 0 |1 0 |2 ddc |4 0 |6 691_000000000000000_QU106H |7 0 |8 600 |9 28408 |a qbu |b qbu |c D3 |d 2014-12-10 |g 51000 |o 691 QU106H |p 5623.c2 |w 2014-12-10 |y STK0 |0 0 |6 691_000000000000000_QU106H | ||
| 952 | |0 0 |1 0 |2 ddc |4 0 |6 691_000000000000000_QU106H |7 0 |8 600 |9 28409 |a qbu |b qbu |c D3 |d 2014-12-10 |g 51000 |o 691 QU106H |p 5623.c3 |w 2014-12-10 |y STK0 |0 0 |6 691_000000000000000_QU106H | ||